[Event "AUTO-ADV-4920"]
[Site "http://www.queenalice.com/game.php?id=1869570"]
[Date "2026.2.21"]
[Round "1"]
[White "EdsonEstevam"]
[Black "mvson33"]
[Result "0-1"]
[WhiteElo "1777"]
[BlackElo "1854"]

1. e4 c5 2. b3 Nc6 3. Bb2 d6 4. f4 Nf6 5. Bxf6 exf6 6. Bb5 Bd7 7. Nc3 Be7 8. Nf3
O-O 9. f5 Rc8 10. Nd5 Re8 11. a3 Bf8 12. O-O Rxe4 13. c3 Bxf5 14. d3 Re8 15. Re1
Rxe1+ 16. Qxe1 a6 17. Bxc6 Rxc6 18. d4 Bg6 19. a4 Rc8 20. a5 cxd4 21. Nxd4 Rb8
22. Nb6 d5 23. Rd1 Bc5 24. h3 Bxb6 25. axb6 Qxb6 26. b4 Rc8 27. Rc1 h6 28. Kh2
Qd6+ 29. g3 Qe5 30. Qf2 Be4 31. h4 Rc7 32. Kh3 Qd6 33. Qe3 Re7 34. Rf1 Bg2+ 35.
Kxg2 Rxe3 36. Nf5 Re2+ 37. Kh3 Qe6 38. g4 g6 39. Rf3 gxf5 40. Rg3 fxg4+ 41.
Rxg4+ Kh7 0-1

[Event "AUTO-ADV-4920"]
[Site "http://www.queenalice.com/game.php?id=1869571"]
[Date "2026.2.21"]
[Round "1"]
[White "mvson33"]
[Black "EdsonEstevam"]
[Result "0-1"]
[WhiteElo "1947"]
[BlackElo "1747"]

1. e4 e5 2. Nf3 Nc6 3. Bb5 Nge7 4. O-O d6 5. d3 a6 6. Ba4 b5 7. Bb3 h6 8. Nc3
Bg4 9. a3 Nd4 10. Ba2 Ng6 11. h3 Bxf3 12. gxf3 Qd7 13. Kh2 Nh4 14. f4 Ndf3+ 15.
Kg3 g5 16. fxe5 dxe5 17. Be3 Be7 18. Nd5 Bd8 19. Qe2 Rg8 0-1

[Event "AUTO-OPEN-4640"]
[Site "http://www.queenalice.com/game.php?id=1869609"]
[Date "2026.2.22"]
[Round "1"]
[White "mvson33"]
[Black "Carlos19"]
[Result "1/2-1/2"]
[WhiteElo "1872"]
[BlackElo "1818"]

1. e4 e5 2. Nf3 Nc6 3. Bb5 Bd6 4. O-O a6 5. Ba4 Nf6 6. d3 h6 7. Nc3 b5 8. Bb3
O-O 9. h3 Bc5 10. a3 d6 11. Re1 b4 12. axb4 Bb6 13. Be3 Nxb4 14. Bxb6 cxb6 15.
Ra4 a5 16. Ra1 Bd7 17. Rf1 b5 18. Qd2 a4 19. Ba2 Nxa2 20. Rxa2 Qb6 21. Raa1 b4
22. Ne2 b3 23. cxb3 axb3 24. Rxa8 Rxa8 25. Ng3 Qa5 26. Qxa5 Rxa5 27. Nd2 Be6 28.
Nc4 Bxc4 29. dxc4 Ra4 30. Rc1 Ra2 31. Rb1 Ra4 32. Rc1 Ra2 33. Rb1 Ra4 34. Rc1
1/2-1/2

[Event "AUTO-OPEN-4640"]
[Site "http://www.queenalice.com/game.php?id=1869610"]
[Date "2026.2.22"]
[Round "1"]
[White "Carlos19"]
[Black "mvson33"]
[Result "0-1"]
[WhiteElo "1816"]
[BlackElo "1866"]

1. e4 c5 2. Bc4 Nc6 3. Nf3 d6 4. Nc3 Nf6 5. Ng5 e6 6. d3 Be7 7. a3 O-O 8. Bf4
Bd7 9. O-O Rc8 10. Nb5 a6 11. Nc3 h6 12. Nf3 Qb6 13. Qc1 Na5 14. Rb1 Nxc4 15.
dxc4 Qd8 16. e5 dxe5 17. Nxe5 Bc6 18. Rd1 Qe8 19. Nxc6 Rxc6 20. Qe3 Qc8 21. h3
Rd8 22. Rxd8+ Qxd8 23. Rd1 Qe8 24. Ne4 Nxe4 25. Qxe4 Qc8 26. b4 cxb4 27. axb4
Rxc4 28. Qf3 Rxc2 29. Rd2 Rxd2 30. Bxd2 Bd6 31. Qg4 Kh8 32. Qf3 Kg8 33. Qg4 Kh8
34. Qf3 Qc2 35. Qc3 Qxc3 36. Bxc3 Bc7 37. g3 b6 38. f4 a5 39. bxa5 bxa5 40. Kg2
Kg8 41. Kf3 a4 42. g4 a3 43. g5 hxg5 44. fxg5 Bd8 45. Kf4 f6 46. g6 Bc7+ 47. Ke4
Be5 48. Bxe5 fxe5 0-1

[Event "AUTO-OPEN-4640"]
[Site "http://www.queenalice.com/game.php?id=1869611"]
[Date "2026.2.22"]
[Round "1"]
[White "mvson33"]
[Black "EdsonEstevam"]
[Result "0-1"]
[WhiteElo "1910"]
[BlackElo "1764"]

1. e4 e5 2. Nf3 Nc6 3. Bb5 Nge7 4. Nc3 h6 5. O-O a6 6. Ba4 b5 7. Bb3 Ng6 8. d3
Bb7 9. Be3 Bb4 10. Bd2 Nd4 11. a3 Ba5 12. Nd5 Nxf3+ 13. Qxf3 Bxd2 14. Nb6 O-O
15. Nxa8 Bxa8 16. Rad1 Ba5 17. Qg3 c5 18. Qe3 Bb6 19. Qe2 Nf4 20. Qd2 Qg5 21.
Kh1 Qxg2# 0-1

[Event "AUTO-OPEN-4640"]
[Site "http://www.queenalice.com/game.php?id=1869612"]
[Date "2026.2.22"]
[Round "1"]
[White "EdsonEstevam"]
[Black "mvson33"]
[Result "0-1"]
[WhiteElo "1814"]
[BlackElo "1820"]

1. e4 c5 2. Nc3 Nc6 3. Nf3 d6 4. Bb5 Bd7 5. d4 cxd4 6. Nxd4 Nxd4 7. Qxd4 Nf6 8.
h3 g6 9. O-O Bg7 10. Bg5 O-O 11. Rab1 a6 12. Bxd7 Qxd7 13. Bxf6 Bxf6 14. Qd3
Rfd8 15. Nd5 Rab8 16. Nxf6+ exf6 17. Rfe1 Rbc8 18. c4 Qa4 19. a3 Qc6 20. b3 b5
21. cxb5 axb5 22. b4 Qc3 23. Qxb5 Qxa3 24. Ra1 Qc3 25. Ra7 Qxe1+ 26. Kh2 Qxe4
27. f3 Qe5+ 28. Kg1 Qxb5 0-1

[Event "AUTO-OPEN-4640"]
[Site "http://www.queenalice.com/game.php?id=1869613"]
[Date "2026.2.22"]
[Round "1"]
[White "mvson33"]
[Black "Fauquinelle"]
[Result "0-1"]
[WhiteElo "1853"]
[BlackElo "2121"]

1. d4 d5 2. Nf3 Nc6 3. g3 Bf5 4. Bg2 Nf6 5. O-O Nb4 6. a3 Nxc2 7. Ra2 b5 8. Nh4
Nxd4 9. Nxf5 Nxf5 10. Nc3 c6 11. Bg5 e6 12. Ra1 Be7 13. Rc1 Rc8 14. Qc2 Nd6 15.
Bd2 O-O 16. e3 Nc4 17. Nb1 Nxd2 18. Nxd2 Qb6 19. Nf3 Rc7 20. Nd4 c5 21. Nb3 Rfc8
22. Nd2 c4 23. Nf3 h6 24. Ne5 Bd6 25. Nf3 a5 26. Nd4 b4 27. axb4 axb4 28. Qe2
Be5 29. Rb1 Bxd4 30. exd4 Qxd4 31. Qd1 Qb6 32. Qe2 c3 33. bxc3 Rxc3 34. Qb2 R8c4
35. Rfc1 Rxc1+ 36. Rxc1 Rxc1+ 37. Qxc1 Qd4 38. Qc2 Qc3 0-1

[Event "AUTO-MASTER-3297"]
[Site "http://www.queenalice.com/game.php?id=1869750"]
[Date "2026.2.25"]
[Round "1"]
[White "Pipo712"]
[Black "mvson33"]
[Result "1-0"]
[WhiteElo "2067"]
[BlackElo "1875"]

1. e4 c5 2. Nf3 Nc6 3. d4 cxd4 4. Nxd4 Nxd4 5. Qxd4 Qc7 6. c4 d6 7. Nc3 Nf6 8.
Be2 a6 9. b3 g6 10. Bb2 Bg7 11. O-O O-O 12. Qd2 Bd7 13. Rac1 Rac8 14. f3 Rfd8
15. Kh1 Qb8 16. g4 Rc7 17. g5 Ne8 18. Nd5 Bxb2 19. Qxb2 Bc6 20. Nxc7 Nxc7 21.
Qd4 Ne6 22. Qe3 Bd7 23. f4 Nc5 24. Bf3 Bc6 25. f5 Nd7 26. fxg6 fxg6 27. Bg4 Ne5
28. Be6+ Kh8 29. Qd4 b6 30. Rc3 Qb7 31. Rf4 Kg7 32. Rh3 1-0

[Event "AUTO-MASTER-3297"]
[Site "http://www.queenalice.com/game.php?id=1869768"]
[Date "2026.2.25"]
[Round "1"]
[White "mvson33"]
[Black "cerenzo72"]
[Result "0-1"]
[WhiteElo "1880"]
[BlackElo "2182"]

1. Nf3 Nf6 2. d4 e6 3. g3 c5 4. dxc5 Bxc5 5. Bg2 Nc6 6. O-O O-O 7. Nc3 d5 8. Bg5
h6 9. Bd2 d4 10. Na4 Bd6 11. b3 e5 12. Nb2 Be6 13. c4 Ne4 14. Nd3 Nxd2 15. Nxd2
Qe7 16. Ne4 Bc7 17. Nd2 Rad8 18. Qc2 Bf5 19. Qb2 Ba5 20. Ne1 Bc3 21. Qc1 Bxa1
22. Qxa1 Qb4 23. Ne4 Qe7 24. Nd3 Bg6 25. Nd2 e4 26. Nf4 Bh7 27. Nd5 Qe6 28. Qc1
f5 29. Nf4 Qd6 30. Nd5 Kh8 0-1

[Event "AUTO-MASTER-3297"]
[Site "http://www.queenalice.com/game.php?id=1869769"]
[Date "2026.2.25"]
[Round "1"]
[White "cerenzo72"]
[Black "mvson33"]
[Result "1-0"]
[WhiteElo "2172"]
[BlackElo "1850"]

1. c4 Nf6 2. Nc3 e5 3. e4 Be7 4. Nf3 Nc6 5. d4 exd4 6. Nxd4 O-O 7. Be2 d6 8. O-O
Bd7 9. b3 Nxd4 10. Qxd4 a6 11. Bb2 Rb8 12. Nd5 Be6 13. Nxe7+ Qxe7 14. f4 Bd7 15.
e5 Rfe8 16. Bd3 dxe5 17. fxe5 Nh5 18. Be2 1-0

[Event "AUTO-ADV-4921"]
[Site "http://www.queenalice.com/game.php?id=1869818"]
[Date "2026.2.26"]
[Round "1"]
[White "zubarev"]
[Black "mvson33"]
[Result "0-1"]
[WhiteElo "1660"]
[BlackElo "1864"]

1. e4 e5 2. Nf3 Nc6 3. Bc4 Bc5 4. O-O Nf6 5. Nc3 O-O 6. Re1 d6 7. h3 Qe8 8. d3
Be6 9. Bg5 Na5 10. Bxf6 gxf6 11. Bb3 Nxb3 12. cxb3 a6 13. Nd5 Bxd5 14. exd5 Qe7
15. Nd2 f5 16. Qh5 Qf6 17. Rac1 Qg6 18. Qf3 Qg5 19. a3 Qxd2 20. Qxf5 Kh8 21. b4
Ba7 22. Kf1 Qf4 23. Qd7 Qxf2# 0-1

[Event "AUTO-ADV-4921"]
[Site "http://www.queenalice.com/game.php?id=1869819"]
[Date "2026.2.26"]
[Round "1"]
[White "mvson33"]
[Black "zubarev"]
[Result "0-1"]
[WhiteElo "1827"]
[BlackElo "1778"]

1. e4 e5 2. Nf3 Nc6 3. Bb5 d6 4. c3 Bd7 5. O-O Be7 6. d3 Nf6 7. Bg5 O-O 8. Nbd2
h6 9. Bh4 Nh7 10. Bxe7 Qxe7 11. Ba4 f5 12. exf5 Bxf5 13. Bc2 Ng5 14. Re1 Rad8
15. Nh4 Bh7 16. d4 Qf6 17. Bxh7+ Nxh7 18. Nhf3 Ng5 19. Nxg5 Qxf2+ 20. Kh1 hxg5
21. Rf1 Qe3 22. Rxf8+ Rxf8 23. dxe5 Nxe5 24. Qe1 Qb6 25. Rb1 Kh8 26. h3 Nd3 27.
Qg3 Qc5 28. Ne4 Qd5 29. Nxg5 Qc4 30. b3 Qf4 31. Qxf4 Rxf4 32. Nf3 Kg8 33. Kg1
Nc5 34. Rf1 Re4 35. Re1 Rxe1+ 36. Nxe1 Kf7 37. Nf3 Kf6 38. Kf2 Ne4+ 39. Ke3 Nxc3
40. a3 c5 41. Kd3 Nd5 42. Kc4 Ne3+ 43. Kb5 Nxg2 44. a4 Nf4 45. h4 Kf5 46. a5 Kg4
47. Ne1 Kxh4 48. a6 bxa6+ 49. Kxa6 Kg3 50. Kxa7 Kf2 51. Nc2 g5 52. Kb6 g4 53.
Kc6 g3 54. Kxd6 g2 55. Kxc5 g1=Q 56. b4 Qc1 57. b5 Qxc2+ 58. Kb6 Qc8 59. Ka7 Nd5
0-1

[Event "AUTO-ADV-4916"]
[Site "http://www.queenalice.com/game.php?id=1870033"]
[Date "2026.3.3"]
[Round "2"]
[White "mvson33"]
[Black "Capixaba789"]
[Result "0-1"]
[WhiteElo "1869"]
[BlackElo "1937"]

1. e4 e5 2. Nf3 d6 3. Bc4 Be7 4. d3 Nf6 5. O-O O-O 6. Bg5 Be6 7. Bxe6 fxe6 8.
Nbd2 Nbd7 9. Qe2 Qe8 10. Rfe1 Qg6 11. h3 Rae8 12. Bh4 Nh5 13. Bg3 Nxg3 14. fxg3
Qxg3 15. Qf2 Qxf2+ 16. Kxf2 Nf6 17. Kg1 Nh5 18. Rf1 Nf4 19. Rad1 Rf6 20. Kh2 Rg6
21. Rf2 Rf8 22. Rdf1 c5 23. Nc4 b5 24. Ncd2 a5 25. g3 Nh5 26. g4 Nf4 27. Ng1 Bh4
28. Rf3 Rh6 29. Ne2 g5 30. Nxf4 exf4 31. Nb3 b4 32. Nxa5 Ra8 33. Nc4 Rxa2 34.
Nxd6 Rxb2 35. Nb7 Rxc2+ 36. Kh1 Bg3 37. Rxg3 fxg3 0-1

[Event "AUTO-ADV-4916"]
[Site "http://www.queenalice.com/game.php?id=1870034"]
[Date "2026.3.3"]
[Round "2"]
[White "Capixaba789"]
[Black "mvson33"]
[Result "1/2-1/2"]
[WhiteElo "1950"]
[BlackElo "1856"]

1. d4 Nf6 2. c4 d5 3. c5 c6 4. Nc3 Bf5 5. e3 Nbd7 6. Be2 e5 7. Nf3 exd4 8. exd4
Be7 9. O-O O-O 10. Bf4 Ne4 11. Nxe4 Bxe4 12. Ne5 Nxe5 13. Bxe5 Bf6 14. f4 Bxe5
15. fxe5 Qg5 16. Bf3 Bxf3 17. Qxf3 Rab8 18. Qf4 Qxf4 19. Rxf4 Rbe8 20. Re1 Re7
21. Kf2 Rfe8 22. Rf5 f6 23. b4 fxe5 24. Rfxe5 Kf7 25. Rxe7+ Rxe7 26. Rxe7+ Kxe7
27. Kf3 Kf6 28. g4 Kg5 29. h4+ Kf6 30. Kf4 h6 31. h5 g5+ 32. Ke3 Ke6 33. a3 Kf6
34. a4 Ke6 35. Kd3 Kd7 36. Kc3 Ke7 37. b5 Kd7 38. Kb4 Kc7 39. a5 a6 1/2-1/2

[Event "AUTO-ADV-4916"]
[Site "http://www.queenalice.com/game.php?id=1870036"]
[Date "2026.3.3"]
[Round "2"]
[White "chessman"]
[Black "mvson33"]
[Result "1-0"]
[WhiteElo "2044"]
[BlackElo "1834"]

1. e4 c5 2. Nf3 Nc6 3. Bc4 d6 4. O-O Nf6 5. Re1 g6 6. c3 Bg7 7. d4 cxd4 8. cxd4
O-O 9. h3 Bd7 10. Nc3 Rc8 11. Bb3 a6 12. a3 Qc7 13. Bf4 Qd8 14. Re2 Qb6 15. Rc1
Na5 16. Ba2 Nc4 17. Bxc4 Rxc4 18. Be3 Rfc8 19. e5 dxe5 20. dxe5 Qc6 21. exf6
Bxf6 22. Nd2 1-0

[Event "AUTO-ADV-4922"]
[Site "http://www.queenalice.com/game.php?id=1870114"]
[Date "2026.3.5"]
[Round "1"]
[White "mvson33"]
[Black "zubarev"]
[Result "0-1"]
[WhiteElo "1793"]
[BlackElo "1814"]

1. e4 e5 2. Nf3 Nc6 3. Bb5 d6 4. h3 Bd7 5. Nc3 Nf6 6. O-O Be7 7. d3 O-O 8. Bg5
a6 9. Ba4 Nd4 10. Bxd7 Qxd7 11. Ne2 Nxf3+ 12. gxf3 Qxh3 13. Ng3 h6 14. Bxf6 Bxf6
15. Re1 Bh4 16. Qe2 Bxg3 17. fxg3 Qxg3+ 18. Qg2 Qxg2+ 19. Kxg2 f5 20. Rf1 f4 21.
Kh3 g5 22. Kg4 Kg7 23. Rh1 c5 24. Rh2 b5 25. Rah1 Rf6 26. Rh5 Rg6 27. R1h2 Rb8
28. Rh1 b4 29. R1h2 a5 30. R2h3 Rb6 31. Rh2 Rc6 32. Rh1 c4 33. R1h2 cxd3 34.
cxd3 Rc1 35. a3 Rg1+ 36. Kh3 Rg3# 0-1

[Event "AUTO-ADV-4922"]
[Site "http://www.queenalice.com/game.php?id=1870115"]
[Date "2026.3.5"]
[Round "1"]
[White "zubarev"]
[Black "mvson33"]
[Result "1-0"]
[WhiteElo "1759"]
[BlackElo "1844"]

1. d4 Nf6 2. Nc3 d5 3. Nf3 g6 4. e3 Bg7 5. Ne5 O-O 6. Bd3 Nbd7 7. f4 c6 8. O-O
Nb6 9. Ne2 Bd7 10. c3 e6 11. Ng3 Rc8 12. Bd2 c5 13. Qf3 cxd4 14. exd4 Qc7 15.
Rac1 Nc4 16. Bxc4 dxc4 17. Ne4 Nxe4 18. Qxe4 Qd8 19. Qxb7 Qc7 20. Qxc7 Rxc7 21.
Be3 Rfc8 22. Rf3 Bc6 23. Rf2 Bxe5 24. fxe5 Bd5 25. Bg5 Rb7 26. Rcf1 Rcb8 27. h3
Rc8 28. Bf6 Rcb8 29. Bh4 Rxb2 30. Kh2 Rxf2 31. Rxf2 Rb1 32. Bf6 Rc1 33. Rb2 Rxc3
34. Rb8# 1-0

[Event "AUTO-OPEN-4642"]
[Site "http://www.queenalice.com/game.php?id=1870210"]
[Date "2026.3.7"]
[Round "1"]
[White "TammieM3ENF"]
[Black "mvson33"]
[Result "0-1"]
[WhiteElo "1310"]
[BlackElo "1825"]

1. d4 Nf6 2. f3 d5 3. e4 dxe4 4. f4 e6 5. g4 Nc6 6. g5 Nd5 7. f5 exf5 8. g6 fxg6
9. b3 Bd7 10. c4 Nf6 11. b4 Bxb4+ 12. Bd2 Bxd2+ 13. Nxd2 O-O 14. d5 Ne5 15. c5
Nxd5 16. c6 Bxc6 17. h3 Qh4+ 18. Ke2 Nc3+ 19. Ke3 Nxd1+ 20. Kd4 Rad8+ 21. Kc5
Qe7# 0-1

[Event "Challenge"]
[Site "http://www.queenalice.com/game.php?id=1870327"]
[Date "2026.3.10"]
[Round "-"]
[White "jogo"]
[Black "mvson33"]
[Result "0-1"]
[WhiteElo "1764"]
[BlackElo "1778"]

1. e4 e6 2. d4 d5 3. e5 c5 4. c3 cxd4 5. cxd4 Nc6 6. Nf3 Bb4+ 7. Nc3 Nge7 8. a3
Ba5 9. b4 Bb6 10. Na4 Bc7 11. Bg5 O-O 12. Bd3 b6 13. Qc2 Bb7 14. Bxh7+ Kh8 0-1

[Event "Challenge"]
[Site "http://www.queenalice.com/game.php?id=1870328"]
[Date "2026.3.10"]
[Round "-"]
[White "mvson33"]
[Black "jogo"]
[Result "1-0"]
[WhiteElo "1793"]
[BlackElo "1749"]

1. d4 Nf6 2. Nf3 e6 3. g3 d5 4. Bg2 c5 5. O-O cxd4 6. Nxd4 Bc5 7. Nc3 h6 8. Nf3
a6 9. Rb1 d4 10. Na4 Ba7 11. b3 b5 12. Nb2 O-O 13. Nd3 Bb7 14. Bb2 Nc6 15. c3
dxc3 16. Bxc3 1-0